| 000 | 00796cam a22002531 4500 | ||
|---|---|---|---|
| 001 | sa 66005867 | ||
| 003 | DLC | ||
| 005 | 20260227112252.0 | ||
| 008 | 910418s1963 ii 000 0 eng | ||
| 010 | _asa 66005867 | ||
| 035 | _a(OCoLC)24197102 | ||
| 040 |
_aDLC _cViU _dDLC |
||
| 042 | _apremarc | ||
| 050 | 0 | 0 |
_aKNT8600.9.A311958 _bP38 1963 |
| 110 | 1 | _aKerala (India) | |
| 240 | 1 | 0 | _aLaws, etc. |
| 245 | 1 | 4 |
_aThe Kerala agriculturists debt relief act, 1958, Act 31 of 1958 (amendments and decisions up-to-date) and Cochin agriculturists relief act, 1114 / _cwith notes by C.V. Paul & T.P. Diaz. |
| 250 | _a[1st ed.] | ||
| 260 |
_a[Trichur] _c1963. |
||
| 300 |
_a155 p. ; _c22 cm. |
||
| 650 | 0 |
_aAgricultural credit _zIndia _zKerala. |
|
| 700 | 1 | _aPaul, C. V. | |
| 700 | 1 | _aDiaz, T. P. | |
| 999 |
_c70186 _d70186 |
||